Operacionnyje sistemy

Saved in:
Bibliographic Details
Main Authors: Lorin, Harold (Author), Deitel, Harvey M (Author)
Format: Book
Language:Russian
Published: Moskva : Finansy i statistika, 1984
Edition:Per. s angl.
Tags: Add Tag
No Tags, Be the first to tag this record!

MARC

LEADER 00000nam a22000003a 4500
001 stu125457
005 20150617225855.5
008 060905s1984----xxr-----------------rus-d
040 |a STU  |b slo 
041 0 |a rus 
044 |a xxr 
080 |a 681.3.066 
100 1 |a Lorin, Harold  |4 aut 
242 0 0 |a Iperating systems  |y eng 
245 1 |a Operacionnyje sistemy 
250 |a Per. s angl. 
260 |a Moskva :  |b Finansy i statistika,  |c 1984 
300 |a 390 s 
700 1 |a Deitel, Harvey M  |4 aut 
996 |b E56425  |c E*56425  |l EE03  |s P  |a 0  |w stu125457_0002